Skip to content
VuFind
All Fields
Title
Author
Subject
Call Number
ISBN/ISSN
Tag
Find
Advanced
Rooster gets a fight
Cite this
Print
Export Record
Export to RefWorks
Export to EndNoteWeb
Export to EndNote
Export to MARC
Rooster gets a fight
Bibliographic Details
Format:
Book
Holdings
Description
Similar Items
Staff View
MARC
LEADER
00000cam a2200000 7i4500
001
0000008705
002
000009485
005
20000330.0
020
|a
9813020067
090
0
0
|a
JF
|b
SRJ
245
1
0
|a
Rooster gets a fight
999
|a
048401
|b
BUKU
|c
PINJAMAN
|e
PERPUSTAKAAN KOMUNITI PETALING JAYA
Similar Items
The rooster struts
by: Scarry's, Richard
Published: (1991)
The arrogant rooster
by: Hamdan Mohd Ali
Published: (2013)
The musang and the rooster
by: Lim, Teik Leong
Published: (1992)
The rooster's gift
by: Conrad, Pam
Rooster's alarm
by: Smith, Ian
Published: (2008)